Statistiques concernant Ecrivains américains

Cliquez ici pour prendre le quiz!

Statistiques générales

  • Ce quiz a été pris 74 fois
  • Le résultat moyen est 14 sur 50

Statistiques - réponses

TitreAuteur% Correct
Américains d'AmériqueStein
83%
Des Souris et des hommesSteinbeck
83%
Le Vieil homme et la merHemingway
81%
Gatsby le MagnifiqueFitzgerald
74%
LolitaNabokov
67%
L'Attrape-coeurSalinger
62%
Les Aventures de Huckleberry FinnTwain
62%
Sur la RouteKerouac
59%
De Sang-froidCapote
53%
Autant en Emporte le ventMitchell
48%
Chroniques MartiennesBradbury
45%
Les Androïdes rêvent-ils de moutons électriques ?Dick
45%
Martin EdenLondon
45%
Le Bruit et la FureurFaulkner
40%
Le Scarabée d'orPoe
40%
Le Dahlia noirEllroy
33%
Tropique du CapricorneMiller
33%
Ne Tirez pas sur l'oiseau moqueurLee
31%
American PsychoBret Easton Ellis
29%
Bartleby le ScribeMelville
29%
La RouteMcCarthy
22%
Moon PalaceAuster
19%
DalvaHarrison
19%
BelovedMorrison
19%
Pastorale américaineRoth
19%
Le Festin nuBurroughs
17%
Manhattan TransferDos Passos
17%
Inconnu à cette adresseKressmann Taylor
17%
WomenBukowski
14%
Demande à la poussièreFante
14%
La Lettre écarlateHawthorne
14%
Le Tour d'écrouJames
14%
Le Coeur est un chasseur solitaireMcCullers
14%
Vénus ÉroticaNin
14%
BlondeOates
14%
Mystic RiverLehane
10%
Fight ClubPalahniuk
10%
VPynchon
10%
Le Choix de SophieStyron
10%
De beaux lendemainsBanks
9%
Les Aventures d'Augie MarchBellow
9%
OutremondeDeLillo
9%
BabbittLewis
9%
La JungleSinclair
9%
Le Temps de l'innocenceWharton
9%
La Route au tabacCaldwell
7%
La Sagesse dans le sangO'Connor
7%
L'Ange exiléWolfe
7%
Black BoyWright
7%
La Maison d'haleineGoyen
5%

Distribution des résultats

Percentile par nombre de réponses

% des personnes avec chaque résultat

Votre développement - résultats

Vous n’avez pas pris ce quiz